Normal view
MARC view
Entry Topical Term
001 - CONTROL NUMBER
- control field: 13498
003 - CONTROL NUMBER IDENTIFIER
- control field: HDC
005 - DATE AND TIME OF LATEST TRANSACTION
- control field: 20230624073417.0
008 - FIXED-LENGTH DATA ELEMENTS
- fixed length control field: 210210|| aca||aabn | a|a d
040 ## - CATALOGING SOURCE
- Original cataloging agency: HDC
- Transcribing agency: HDC
150 ## - HEADING--TOPICAL TERM
- Topical term or geographic name entry element: GAP certification
670 ## - SOURCE DATA FOUND
- Source citation: Work cat.: (HDC): Matsuda, Tomoyoshi author 13423, Good agricultural practice (GAP) in Asia and Oceania. Propagation Of Eurepgap In Japan And The Development Of Japan Good Agricultural Practice (J gap) / by, 2006
